[Event "HEM 2006 B"]
[Site "Marburg"]
[Date "2006.04.13"]
[Round "2.26"]
[White "Freund, Klaus"]
[Black "Ketterling, Bianca"]
[Result "1-0"]
[WhiteElo "1756"]
[BlackElo "1379"]
[PlyCount "65"]
[EventDate "2006.04.12"]
[EventType "swiss"]
[EventCountry "GER"]

1. c4 e5 2. Nc3 Nf6 3. g3 Bb4 4. Bg2 Nc6 5. e3 O-O 6. Nge2 d6 7. Nd5 Bc5 8. O-O
Be6 9. Nxf6+ Qxf6 10. d4 exd4 11. Bxc6 bxc6 12. exd4 Bb6 13. b3 c5 14. Bb2 Bg4
15. f3 Bh3 16. Rf2 cxd4 17. Bxd4 Bxd4 18. Nxd4 Rfe8 19. Qd2 c5 20. Nc2 Bf5 21.
Rd1 Re6 22. Ne3 Qg6 23. Qd5 Rae8 24. Nxf5 Re5 25. Qxd6 Qxd6 26. Nxd6 Rd8 27.
Rfd2 g6 28. Ne4 Rxd2 29. Rxd2 f5 30. Nf2 Re7 31. Kf1 Kf7 32. Rd5 Rc7 33. Nd3
1-0

[Event "HEM 2006 B"]
[Site "Marburg"]
[Date "2006.04.13"]
[Round "2.27"]
[White "Stöhr, Alexander"]
[Black "Siegismund, Bernd"]
[Result "1/2-1/2"]
[WhiteElo "1341"]
[BlackElo "1749"]
[PlyCount "43"]
[EventDate "2006.04.12"]
[EventType "swiss"]
[EventCountry "GER"]

1. d4 Nf6 2. c4 e5 3. dxe5 Ng4 4. e4 Nxe5 5. f4 Ng6 6. Be3 Bb4+ 7. Nd2 Qe7 8.
Bd3 d6 9. Ngf3 O-O 10. O-O f5 11. Qc2 c6 12. Rae1 Bxd2 13. Bxd2 Nh4 14. exf5
Nxf3+ 15. Rxf3 Qf7 16. f6 gxf6 17. Rg3+ Kh8 18. Bc3 Bd7 19. Rge3 Qh5 20. Re7
Rf7 21. Bxf6+ Kg8 22. Bc3 1/2-1/2

[Event "HEM 2006 B"]
[Site "Marburg"]
[Date "2006.04.13"]
[Round "2.28"]
[White "Fay, Roland"]
[Black "Sander, Rudi"]
[Result "1-0"]
[WhiteElo "1739"]
[BlackElo "1345"]
[PlyCount "69"]
[EventDate "2006.04.12"]
[EventType "swiss"]
[EventCountry "GER"]

1. d4 Nf6 2. c4 d5 3. cxd5 Nxd5 4. e4 Nb6 5. Nc3 e6 6. Nf3 g6 7. Bg5 Be7 8. Bh6
N8d7 9. Bd3 Nf6 10. Bg7 Rg8 11. Bxf6 Bxf6 12. e5 Be7 13. O-O Bd7 14. a4 Bc6 15.
a5 Nd5 16. a6 b6 17. Rc1 Qd7 18. Nxd5 Bxd5 19. Qe2 Kf8 20. Be4 Rc8 21. Bxd5
Qxd5 22. Qc4 Kg7 23. Qxd5 exd5 24. Rc6 Rgd8 25. Rfc1 Rd7 26. e6 fxe6 27. Ne5
Rdd8 28. Rxc7 Rxc7 29. Rxc7 Re8 30. Rxa7 Kf6 31. Rc7 Bd6 32. Rf7+ Kg5 33. f4+
Kh6 34. Ng4+ Kh5 35. Nf6+ 1-0

[Event "HEM 2006 B"]
[Site "Marburg"]
[Date "2006.04.13"]
[Round "2.29"]
[White "Parr, Daniel"]
[Black "Krischak, Werner"]
[Result "0-1"]
[WhiteElo "1277"]
[BlackElo "1721"]
[PlyCount "107"]
[EventDate "2006.04.12"]
[EventType "swiss"]
[EventCountry "GER"]

1. e4 c6 2. d4 d5 3. e5 e6 4. Nf3 c5 5. c3 Nc6 6. Qb3 Qc7 7. Bb5 a6 8. Bxc6+
bxc6 9. O-O Ne7 10. Be3 c4 11. Qd1 Ng6 12. Nbd2 Bd7 13. Rb1 Qa5 14. a3 Be7 15.
Ng5 h6 16. Nh3 c5 17. dxc5 Nxe5 18. Bd4 Bf6 19. f4 Nd3 20. Bxf6 gxf6 21. Qe2
Qxc5+ 22. Kh1 Bb5 23. f5 e5 24. Qg4 Ke7 25. b4 Qe3 26. Nf3 h5 27. Qh4 Rag8 28.
Rbe1 Nxe1 29. Rxe1 Qxc3 30. Rxe5+ Kf8 31. Qxf6 Qc1+ 32. Nhg1 Rh6 33. Qd8+ Kg7
34. Qc7 Rc6 35. Qb7 Qd1 36. Ng5 Rf6 37. Re7 Be8 38. Qc7 h4 39. Qe5 Qh5 40. Ne6+
Kh7 41. Qxf6 Qg4 42. Qb2 Qxf5 43. Nc7 Bc6 44. Qe5 Qxe5 45. Rxe5 d4 46. Nf3 Bxf3
47. gxf3 Rc8 48. Nxa6 c3 49. Nc5 c2 50. Re1 Rxc5 51. bxc5 d3 52. Rc1 d2 53.
Rxc2 d1=Q+ 54. Kg2 0-1

[Event "HEM 2006 B"]
[Site "Marburg"]
[Date "2006.04.13"]
[Round "2.30"]
[White "Bauch, Frank"]
[Black "Mook, Karl-Jürgen"]
[Result "1-0"]
[WhiteElo "1682"]
[BlackElo "1325"]
[PlyCount "49"]
[EventDate "2006.04.12"]
[EventType "swiss"]
[EventCountry "GER"]

1. d4 Nf6 2. Nf3 d6 3. c4 g6 4. Nc3 Bg7 5. e4 O-O 6. h3 Nfd7 7. Be2 Nc6 8. Be3
e5 9. d5 Ne7 10. g4 b6 11. Qd2 Re8 12. O-O-O a5 13. h4 Nc5 14. Rdg1 a4 15. Kb1
Bd7 16. h5 Qc8 17. hxg6 Nxg6 18. Nh4 Qa6 19. Nf5 Bxf5 20. gxf5 a3 21. b3 Qa5
22. fxg6 Nxe4 23. gxf7+ Kxf7 24. Nxe4 Qxd2 25. Bxd2 1-0

[Event "HEM 2006 B"]
[Site "Marburg"]
[Date "2006.04.13"]
[Round "2.31"]
[White "Schneider, Udo"]
[Black "Fritsche, Rainer"]
[Result "1-0"]
[WhiteElo "1679"]
[BlackElo "1315"]
[PlyCount "87"]
[EventDate "2006.04.12"]
[EventType "swiss"]
[EventCountry "GER"]

1. d4 Nf6 2. c4 e6 3. Nf3 d5 4. Bg5 Be7 5. e3 c6 6. Nc3 O-O 7. Rc1 Nbd7 8. Bd3
h6 9. Bh4 Bd6 10. O-O Re8 11. e4 dxe4 12. Nxe4 Be7 13. Qe2 Nxe4 14. Qxe4 g6 15.
Bxe7 Qxe7 16. Rfe1 Kg7 17. Bb1 Qf6 18. b3 Rd8 19. Rcd1 Nb6 20. Ne5 Nd7 21. f4
Qe7 22. Nxg6 Qd6 23. Ne5 Nf6 24. Qd3 Kf8 25. Qh3 h5 26. Qh4 Qe7 27. Qg5 a5 28.
Re3 Ng4 29. Nxg4 Qxg5 30. fxg5 hxg4 31. Re4 b5 32. c5 Ra7 33. Rxg4 Re7 34. g6
f6 35. Rh4 Rg7 36. Rh8+ Ke7 37. Rxd8 Kxd8 38. h4 f5 39. h5 Ke7 40. Rd3 Kf6 41.
Kf2 Kg5 42. Rh3 f4 43. h6 Rg8 44. h7 1-0

[Event "HEM 2006 B"]
[Site "Marburg"]
[Date "2006.04.13"]
[Round "2.32"]
[White "Radtke, Thoralf"]
[Black "Bachmann, Björn"]
[Result "1-0"]
[WhiteElo "1646"]
[BlackElo "1229"]
[PlyCount "46"]
[EventDate "2006.04.12"]
[EventType "swiss"]
[EventCountry "GER"]

1. f4 d6 2. Nf3 Nf6 3. e3 g6 4. b3 Bg7 5. Bb2 O-O 6. c4 c6 7. Be2 Bg4 8. O-O
Nbd7 9. d3 d5 10. Nbd2 e6 11. h3 Bxf3 12. Bxf3 Nb6 13. Qe1 Nfd7 14. Bxg7 Kxg7
15. Be2 f5 16. Nf3 Qf6 17. d4 c5 18. Rd1 Rac8 19. dxc5 Nxc5 20. b4 Ncd7 21. c5
Nc4 22. Bxc4 Nxc5 23. Be2 Nd7 1-0

[Event "HEM 2006 B"]
[Site "Marburg"]
[Date "2006.04.13"]
[Round "2.33"]
[White "Baqui, Khalid"]
[Black "Kohlmeyer, Klaus"]
[Result "1-0"]
[WhiteElo "1243"]
[BlackElo "1631"]
[PlyCount "77"]
[EventDate "2006.04.12"]
[EventType "swiss"]
[EventCountry "GER"]

1. e4 c5 2. d3 d6 3. Be2 g6 4. Nf3 Bg7 5. O-O Nc6 6. Nc3 e6 7. Be3 Nd4 8. Bg5
Ne7 9. Nxd4 Bxd4 10. Rb1 Qd7 11. a4 Nc6 12. Nb5 Bg7 13. Bf4 Ne5 14. Bd2 a6 15.
Nc3 b5 16. axb5 axb5 17. f4 Nc6 18. Nxb5 Ba6 19. Bc3 e5 20. Na3 O-O 21. f5 f6
22. fxg6 hxg6 23. Nc4 Bxc4 24. dxc4 Nd4 25. Bg4 Qc7 26. Bxd4 exd4 27. Be6+ Kh7
28. Rf3 Qe7 29. Rh3+ Bh6 30. Qd2 Qg7 31. Bd5 Rae8 32. b4 cxb4 33. Rxb4 Rb8 34.
Rxb8 Rxb8 35. Qxd4 Qe7 36. Qe3 Qg7 37. Qf4 Qa7+ 38. Kf1 g5 39. Qxf6 1-0

[Event "HEM 2006 B"]
[Site "Marburg"]
[Date "2006.04.13"]
[Round "2.34"]
[White "Höllwarth, Kai"]
[Black "Siegismund, Verena"]
[Result "1/2-1/2"]
[WhiteElo "1623"]
[BlackElo "1169"]
[PlyCount "83"]
[EventDate "2006.04.12"]
[EventType "swiss"]
[EventCountry "GER"]

1. e4 e5 2. Nf3 Nc6 3. Nc3 Bc5 4. Nxe5 Nxe5 5. d4 Nf3+ 6. Qxf3 Bxd4 7. Bc4
Bxc3+ 8. Qxc3 f6 9. O-O Ne7 10. e5 fxe5 11. Qxe5 d5 12. Rd1 c6 13. Bg5 h6 14.
Bh4 Rg8 15. Bd3 g5 16. Bg3 Kf7 17. f4 Ng6 18. Bxg6+ Kxg6 19. fxg5 Qxg5 20. Rf1
Qxe5 21. Bxe5 Bf5 22. Rf2 Rae8 23. Re1 Re6 24. Bc3 Rxe1+ 25. Bxe1 Re8 26. Kf1
a6 27. h3 b5 28. g4 Be4 29. Bc3 Re6 30. Bd4 a5 31. a3 h5 32. gxh5+ Kxh5 33. Rh2
Rg6 34. c3 Kh4 35. Bf2+ Kh5 36. Ke2 Rg2 37. Rxg2 Bxg2 38. h4 Kg6 39. h5+ Kxh5
40. Kd3 Bf1+ 41. Kd4 a4 42. Kc5 1/2-1/2

[Event "HEM 2006 B"]
[Site "Marburg"]
[Date "2006.04.13"]
[Round "2.35"]
[White "Krüger, Jens"]
[Black "Jordake, Michael"]
[Result "0-1"]
[WhiteElo "1214"]
[BlackElo "1621"]
[PlyCount "104"]
[EventDate "2006.04.12"]
[EventType "swiss"]
[EventCountry "GER"]

1. e4 e5 2. Nf3 Nc6 3. Nc3 Nf6 4. Bc4 Bc5 5. O-O O-O 6. a3 b6 7. b4 Bd4 8. Re1
d6 9. Bb2 Bg4 10. Rb1 Ne7 11. h3 Bh5 12. Nd5 Bxb2 13. Rxb2 Nexd5 14. Bxd5 Nxd5
15. exd5 Qf6 16. g4 e4 17. Rb3 Bg6 18. Nh2 Rae8 19. c4 Qd4 20. Rc3 f5 21. Kg2
fxg4 22. Nxg4 h5 23. Ne3 Rf6 24. Rf1 Ref8 25. Qe2 Rf3 26. Nd1 Qf6 27. Kh1 Qh4
28. Kg2 Qxh3+ 29. Kg1 Qg4+ 30. Kh2 Rh3+ 31. Rxh3 Qxe2 32. Kg2 Rf3 33. Rxf3
exf3+ 34. Kg1 Qxd2 35. Ne3 Qd3 36. Kh2 Qxa3 37. Rg1 Kh7 38. Kh3 Qc3 39. Rg5
Qxb4 40. Kg3 Qe1 41. Kxf3 Qh1+ 42. Ng2 Bd3 43. Kg3 Be4 44. Nh4 Qg1+ 45. Kf4
Qxf2+ 46. Kxe4 Qxh4+ 47. Kf5 Qxc4 48. Rxh5+ Kg8 49. Kg6 Qg4+ 50. Rg5 Qxg5+ 51.
Kxg5 a5 52. Kf5 Kf7 0-1

[Event "HEM 2006 B"]
[Site "Marburg"]
[Date "2006.04.13"]
[Round "2.37"]
[White "Edelmann, Patrick"]
[Black "Saßmannshausen, Mark"]
[Result "0-1"]
[WhiteElo "798"]
[BlackElo "1785"]
[PlyCount "38"]
[EventDate "2006.04.12"]
[EventType "swiss"]
[EventCountry "GER"]

1. e4 e5 2. Nf3 d5 3. exd5 e4 4. Qe2 Nf6 5. Nc3 Be7 6. Nxe4 O-O 7. c4 Re8 8. d3
Ng4 9. h3 Nxf2 10. Qxf2 f5 11. Neg5 Bc5+ 12. Be3 Bxe3 13. Qc2 Bxg5+ 14. Be2 Be3
15. Qb3 Nd7 16. Rd1 Ne5 17. Nxe5 Qh4+ 18. g3 Qxg3+ 19. Kf1 Qf2# 0-1

[Event "HEM 2006 B"]
[Site "Marburg"]
[Date "2006.04.13"]
[Round "3.1"]
[White "Stockmann, Michael"]
[Black "Kartmann, Juergen"]
[Result "0-1"]
[WhiteElo "2269"]
[BlackElo "2054"]
[PlyCount "78"]
[EventDate "2006.04.12"]
[EventType "swiss"]
[EventCountry "GER"]

1. d4 Nf6 2. Nf3 g6 3. c4 Bg7 4. g3 O-O 5. Bg2 d6 6. O-O Nbd7 7. Nc3 e5 8. h3
c6 9. Qc2 Qb6 10. Be3 exd4 11. Nxd4 Nc5 12. Rad1 Re8 13. Bf4 Bf8 14. b3 Nh5 15.
Bc1 Bg7 16. g4 Nf6 17. Bf4 Bf8 18. e4 Ne6 19. Be3 Qa5 20. Nde2 h5 21. g5 Nxg5
22. b4 Nxh3+ 23. Bxh3 Qxb4 24. Bxc8 Raxc8 25. Qd3 d5 26. cxd5 cxd5 27. Qd4 Qd6
28. Nxd5 Ng4 29. Bf4 Qa6 30. Ndc3 Rc5 31. Qd3 Qa3 32. Kg2 Re6 33. f3 Ne5 34.
Qb1 Qa6 35. Qb5 Qa3 36. Qxb7 Rcc6 37. Qb3 Qa6 38. Qb5 Qa3 39. Bxe5 Rxe5 0-1

[Event "HEM 2006 B"]
[Site "Marburg"]
[Date "2006.04.13"]
[Round "3.2"]
[White "Goloborodko, Dmitro"]
[Black "Lüchtemeier, Peter"]
[Result "1/2-1/2"]
[WhiteElo "2031"]
[BlackElo "2268"]
[PlyCount "33"]
[EventDate "2006.04.12"]
[EventType "swiss"]
[EventCountry "GER"]

1. e4 c6 2. d3 d5 3. Nd2 e5 4. Ngf3 Bd6 5. Qe2 Qe7 6. d4 exd4 7. exd5 cxd5 8.
Nxd4 Nc6 9. N2b3 Bg4 10. f3 Bd7 11. Bg5 Qxe2+ 12. Bxe2 Nge7 13. O-O-O O-O-O 14.
g3 Rhe8 15. Bd2 Nf5 16. Nb5 Bb8 17. Bd3 1/2-1/2

[Event "HEM 2006 B"]
[Site "Marburg"]
[Date "2006.04.13"]
[Round "3.3"]
[White "Hierling, Stefan"]
[Black "Garbe, Ralf"]
[Result "1/2-1/2"]
[WhiteElo "1896"]
[BlackElo "2169"]
[PlyCount "82"]
[EventDate "2006.04.12"]
[EventType "swiss"]
[EventCountry "GER"]

1. e4 g6 2. d4 Bg7 3. Nf3 d6 4. h3 a6 5. c3 Nf6 6. Bd3 c5 7. Be3 cxd4 8. cxd4
O-O 9. Nc3 Nc6 10. Rc1 Qa5 11. Qa4 Bd7 12. Qxa5 Nxa5 13. O-O e6 14. Ne2 Rfc8
15. Rxc8+ Rxc8 16. Rc1 Rxc1+ 17. Bxc1 d5 18. e5 Ne8 19. b3 Bf8 20. Ne1 Nc7 21.
Nc2 Bb5 22. Bxb5 Nxb5 23. Kf1 Be7 24. Ke1 g5 25. Kd2 f6 26. exf6 Bxf6 27. Kd3
Nc6 28. f4 h6 29. g4 Kf7 30. fxg5 Bxg5 31. Bxg5 hxg5 32. a4 Nd6 33. Ng3 Ne7 34.
Ne3 Ng8 35. Nef1 Ne7 36. Ne3 Ng6 37. Ng2 Ke7 38. Ke3 Ne8 39. Ne1 Nd6 40. Nf3
Nf7 41. Nh5 b6 1/2-1/2

[Event "HEM 2006 B"]
[Site "Marburg"]
[Date "2006.04.13"]
[Round "3.4"]
[White "Hillgaertner, Walter"]
[Black "Grass, Ernest"]
[Result "1-0"]
[WhiteElo "2055"]
[BlackElo "1637"]
[PlyCount "129"]
[EventDate "2006.04.12"]
[EventType "swiss"]
[EventCountry "GER"]

1. Nf3 Nf6 2. c4 c5 3. g3 g6 4. Bg2 Bg7 5. Nc3 Nc6 6. O-O O-O 7. d3 d6 8. Bd2
Bd7 9. Rb1 Rb8 10. a3 a6 11. b4 cxb4 12. axb4 b5 13. cxb5 axb5 14. Qc1 Qc8 15.
Re1 Re8 16. e4 e5 17. Qb2 Qb7 18. Ra1 Ra8 19. Rec1 Rec8 20. h3 h6 21. Be3 Be6
22. d4 Bc4 23. d5 Ne7 24. Nd2 Bd3 25. Rxa8 Rxa8 26. Ra1 Nd7 27. Bf1 Bxf1 28.
Nxf1 Ra6 29. Rxa6 Qxa6 30. Qe2 f5 31. f3 f4 32. Bf2 fxg3 33. Nxg3 Qa1+ 34. Qe1
Qa6 35. Qf1 Nf6 36. Nxb5 h5 37. Na7 Qa3 38. b5 Nd7 39. Nc6 Nc8 40. Kg2 Bh6 41.
Qe2 Qb3 42. Nf1 Bf4 43. Nd8 Qb4 44. Ne6 Bh6 45. Ne3 Ncb6 46. Nc2 Qa5 47. Be3
Bg7 48. Ne1 Kf7 49. Nd8+ Kg8 50. Nc6 Qa8 51. Qc2 Qa3 52. Bf2 Bh6 53. Nd3 Qa8
54. Ndb4 Na4 55. Na6 Nab6 56. Nc7 Qa3 57. Ne6 Qa8 58. Qb3 Bf8 59. Nxf8 Qxf8 60.
Qe3 Qf6 61. Qh6 Qg7 62. Qg5 Kh7 63. Nd8 Nc8 64. Ne6 Qf7 65. Qd8 1-0

[Event "HEM 2006 B"]
[Site "Marburg"]
[Date "2006.04.13"]
[Round "3.5"]
[White "Funk, Volker"]
[Black "Libuda, Thomas"]
[Result "1-0"]
[WhiteElo "2219"]
[BlackElo "2026"]
[PlyCount "37"]
[EventDate "2006.04.12"]
[EventType "swiss"]
[EventCountry "GER"]

1. b3 e5 2. Bb2 Nc6 3. Nf3 d6 4. d4 e4 5. d5 exf3 6. dxc6 fxg2 7. Bxg2 b6 8.
Qd3 Qg5 9. Bf3 Be7 10. Nd2 Nf6 11. O-O-O Qc5 12. Ne4 Nxe4 13. Bxe4 f5 14. Bd5
Bf6 15. Bxf6 gxf6 16. Qf3 h5 17. Rhg1 f4 18. Rg8+ Ke7 19. Qe4+ 1-0

[Event "HEM 2006 B"]
[Site "Marburg"]
[Date "2006.04.13"]
[Round "3.6"]
[White "Reitmeier, Markus"]
[Black "Mittendorf, Frank"]
[Result "1/2-1/2"]
[WhiteElo "1786"]
[BlackElo "2196"]
[PlyCount "113"]
[EventDate "2006.04.12"]
[EventType "swiss"]
[EventCountry "GER"]

1. d4 Nf6 2. Nf3 e6 3. g3 d5 4. Bg2 Be7 5. O-O O-O 6. Nbd2 Nbd7 7. c4 c6 8. b3
b6 9. Bb2 Bb7 10. Rc1 Re8 11. Re1 Bb4 12. a3 Bf8 13. b4 a5 14. c5 axb4 15. axb4
bxc5 16. bxc5 Qc7 17. Qc2 Ba6 18. Ra1 Bb5 19. e3 g6 20. Bf1 Bxf1 21. Kxf1 Bg7
22. Rxa8 Rxa8 23. Ra1 Rxa1+ 24. Bxa1 Qa5 25. Bc3 Qa3 26. Qb2 Qxb2 27. Bxb2 Ne8
28. Nb3 Nc7 29. Na5 Nxc5 30. Nxc6 Nb5 31. Ke2 Na4 32. Ba1 Kf8 33. Kd3 Ke8 34.
Nd2 Kd7 35. Nb4 Bf8 36. Nc2 Kc6 37. f4 Na3 38. g4 Nxc2 39. Kxc2 Kb5 40. Nf3 f6
41. g5 Be7 42. h4 Kc4 43. Nd2+ Kb4 44. Nb1 fxg5 45. hxg5 Nb6 46. Bc3+ Kb5 47.
Nd2 Nc4 48. Nxc4 Kxc4 49. Be1 Bb4 50. Bf2 Bf8 51. Bg3 h6 52. gxh6 Bxh6 53. Bh4
Bxf4 54. exf4 Kxd4 55. Kd2 Ke4 56. Bg5 d4 57. Bh6 1/2-1/2

[Event "HEM 2006 B"]
[Site "Marburg"]
[Date "2006.04.13"]
[Round "3.7"]
[White "Baumhackel, Mario"]
[Black "Szwarc, Klaus Peter"]
[Result "1/2-1/2"]
[WhiteElo "2176"]
[BlackElo "1907"]
[PlyCount "40"]
[EventDate "2006.04.12"]
[EventType "swiss"]
[EventCountry "GER"]

1. d4 Nf6 2. Nf3 g6 3. Bg5 Bg7 4. Nbd2 d5 5. c3 Nbd7 6. b4 a5 7. e3 O-O 8. Be2
Re8 9. O-O e5 10. b5 h6 11. Bh4 e4 12. Ne1 Nb6 13. Qc2 c6 14. Rb1 g5 15. Bg3
Bf5 16. Qb2 Nbd7 17. bxc6 bxc6 18. Nc2 Re6 19. Qb7 Ne8 20. c4 Nd6 1/2-1/2

[Event "HEM 2006 B"]
[Site "Marburg"]
[Date "2006.04.13"]
[Round "3.8"]
[White "Pichl, Uwe"]
[Black "Montermann, Klaus"]
[Result "1/2-1/2"]
[WhiteElo "1677"]
[BlackElo "2140"]
[PlyCount "64"]
[EventDate "2006.04.12"]
[EventType "swiss"]
[EventCountry "GER"]

1. d4 Nf6 2. Nf3 d5 3. c4 c6 4. Nc3 e6 5. e3 Be7 6. Bd3 dxc4 7. Bxc4 Nbd7 8.
O-O b5 9. Bb3 Bb7 10. e4 b4 11. e5 bxc3 12. exf6 Nxf6 13. bxc3 O-O 14. Be3 Qa5
15. Rc1 Qh5 16. Ne5 Qxd1 17. Rfxd1 Nd5 18. c4 Nxe3 19. fxe3 Rfd8 20. c5 Rac8
21. Rf1 Bf6 22. Nc4 Ba6 23. Rf3 Bxc4 24. Rxc4 Rc7 25. Ra4 e5 26. dxe5 Bxe5 27.
h3 g6 28. Ra6 Kg7 29. Ba4 Rd5 30. Rxc6 Rxc6 31. Bxc6 Rd1+ 32. Kf2 f5 1/2-1/2

[Event "HEM 2006 B"]
[Site "Marburg"]
[Date "2006.04.13"]
[Round "3.9"]
[White "Stein, Marco"]
[Black "Henninger, Sascha"]
[Result "1-0"]
[WhiteElo "2108"]
[BlackElo "1805"]
[PlyCount "91"]
[EventDate "2006.04.12"]
[EventType "swiss"]
[EventCountry "GER"]

1. d4 d5 2. c4 c6 3. Nf3 Nf6 4. Nc3 dxc4 5. e4 b5 6. e5 Nd5 7. Ng5 Bf5 8. Qf3
Qd7 9. Nxd5 cxd5 10. Nxf7 Kxf7 11. g4 e6 12. Bg2 Bb4+ 13. Kf1 Rd8 14. gxf5 exf5
15. h4 Nc6 16. Be3 Ba5 17. Bh3 g6 18. h5 Rg8 19. Bg2 Ne7 20. Bg5 Rad8 21. hxg6+
hxg6 22. Rh7+ Rg7 23. Rxg7+ Kxg7 24. Qh3 Qe6 25. Bf6+ Kf8 26. Qh8+ Kf7 27. Qg7+
Ke8 28. Bxe7 Qxe7 29. Qxg6+ Qf7 30. Qc6+ Qd7 31. Qh6 Qf7 32. Ke2 Bb6 33. Qc6+
Qd7 34. Bxd5 Qxc6 35. Bxc6+ Ke7 36. d5 Bd4 37. f4 Rh8 38. Bxb5 Rh2+ 39. Kf3
Rxb2 40. d6+ Kd8 41. Rd1 Rxb5 42. Rxd4 Rc5 43. Ke2 c3 44. Kd1 c2+ 45. Kc1 Rc3
46. Ra4 1-0

[Event "HEM 2006 B"]
[Site "Marburg"]
[Date "2006.04.13"]
[Round "3.10"]
[White "Henzner, Reiner"]
[Black "Krüger, Till"]
[Result "0-1"]
[WhiteElo "2098"]
[BlackElo "1851"]
[PlyCount "82"]
[EventDate "2006.04.12"]
[EventType "swiss"]
[EventCountry "GER"]

1. e4 g6 2. d4 Bg7 3. c4 c6 4. Nc3 d6 5. Be3 Nf6 6. f3 a6 7. a4 a5 8. Bd3 Na6
9. Rc1 Nd7 10. Nge2 c5 11. d5 Ne5 12. b3 Nxd3+ 13. Qxd3 h5 14. Qd2 Nb4 15. O-O
O-O 16. Rfd1 Kh7 17. Nf4 Bd7 18. Qf2 Rh8 19. Na2 Nxa2 20. Qxa2 Qb6 21. Nd3 Qc7
22. Qf2 b6 23. Rf1 Raf8 24. Rce1 Re8 25. Qg3 Rhf8 26. Bf4 f6 27. Bc1 Rg8 28.
Qh4 Rh8 29. Bb2 Ref8 30. f4 Bc8 31. Rf3 Bd7 32. Rfe3 Be8 33. h3 Bh6 34. Qf2
Rhg8 35. R3e2 Qd7 36. e5 fxe5 37. Qh4 g5 38. fxg5 Bxg5 39. Qg3 Bd2 40. Qh4 Bxe1
41. Nxe1 Rf4 0-1

[Event "HEM 2006 B"]
[Site "Marburg"]
[Date "2006.04.13"]
[Round "3.11"]
[White "Keim, Alexander"]
[Black "Eibelshäuser, Stefan"]
[Result "0-1"]
[WhiteElo "1682"]
[BlackElo "2062"]
[PlyCount "24"]
[EventDate "2006.04.12"]
[EventType "swiss"]
[EventCountry "GER"]

1. e4 e5 2. Nf3 Nf6 3. Bc4 Nxe4 4. O-O d5 5. Re1 Bc5 6. Rxe4 dxe4 7. Bxf7+ Kxf7
8. Nxe5+ Kf8 9. Qh5 Qf6 10. Ng6+ hxg6 11. Qxh8+ Kf7 12. d4 Qxd4 0-1

[Event "HEM 2006 B"]
[Site "Marburg"]
[Date "2006.04.13"]
[Round "3.12"]
[White "Marth, Jürgen"]
[Black "Werner, Alexander"]
[Result "1/2-1/2"]
[WhiteElo "2044"]
[BlackElo "1731"]
[PlyCount "83"]
[EventDate "2006.04.12"]
[EventType "swiss"]
[EventCountry "GER"]

1. d4 Nf6 2. Nf3 g6 3. c4 Bg7 4. Nc3 d6 5. e4 O-O 6. Be2 Nc6 7. O-O e5 8. d5
Ne7 9. Ne1 Ne8 10. Nd3 f5 11. f3 f4 12. Bd2 g5 13. b4 Rf6 14. c5 Rh6 15. a4 Nf6
16. Qb3 Kh8 17. Nf2 a6 18. a5 Qe8 19. Rfc1 dxc5 20. bxc5 Qh5 21. h3 Ng6 22. Na4
Nh4 23. Bf1 g4 24. fxg4 Bxg4 25. Qxb7 Rg8 26. Ra3 Bf3 27. d6 cxd6 28. cxd6 Bf8
29. Rc8 Rhg6 30. Rxf8 Rxf8 31. Qe7 Rfg8 32. g4 Nxg4 33. Nxg4 Bxg4 34. Kf2 Be6
35. Nc5 Rg2+ 36. Ke1 Rg1 37. Qf6+ R8g7 38. Nxe6 Nf3+ 39. Rxf3 Qxf3 40. Qf8+ Rg8
41. Qf6+ R8g7 42. Qf8+ 1/2-1/2

[Event "HEM 2006 B"]
[Site "Marburg"]
[Date "2006.04.13"]
[Round "3.13"]
[White "Martens, Nick"]
[Black "Ritscher, Georg"]
[Result "1/2-1/2"]
[WhiteElo "1393"]
[BlackElo "2034"]
[PlyCount "43"]
[EventDate "2006.04.12"]
[EventType "swiss"]
[EventCountry "GER"]

1. f4 d5 2. e3 Nf6 3. Nf3 Nc6 4. Bb5 Bd7 5. b3 a6 6. Bxc6 Bxc6 7. Bb2 e6 8. d3
Be7 9. O-O O-O 10. Nbd2 b5 11. a3 Bb7 12. Ne5 c5 13. Qe2 Rc8 14. a4 Qc7 15.
Rfc1 Rfd8 16. Ndf3 c4 17. bxc4 dxc4 18. axb5 axb5 19. dxc4 bxc4 20. Bc3 Re8 21.
Nd2 Bd5 22. Ra4 1/2-1/2

[Event "HEM 2006 B"]
[Site "Marburg"]
[Date "2006.04.13"]
[Round "3.14"]
[White "Hahn, Werner"]
[Black "Enders, Georg"]
[Result "0-1"]
[WhiteElo "2147"]
[BlackElo "1781"]
[PlyCount "106"]
[EventDate "2006.04.12"]
[EventType "swiss"]
[EventCountry "GER"]

1. d4 Nf6 2. c4 g6 3. Nc3 d5 4. Bf4 Bg7 5. e3 O-O 6. Nf3 a6 7. cxd5 Nxd5 8.
Nxd5 Qxd5 9. Bxc7 Bg4 10. Be2 Nc6 11. O-O Rac8 12. Bb6 Rfe8 13. Qa4 e6 14. Rac1
Bf8 15. h3 Bf5 16. Nd2 e5 17. Bc4 Qd7 18. e4 Nxd4 19. Qxd7 Bxd7 20. Nb3 Bg7 21.
Nxd4 exd4 22. Bd5 Bc6 23. Rfd1 Bxd5 24. Rxc8 Rxc8 25. exd5 Kf8 26. Re1 d3 27.
Ba5 Bh6 28. Bb4+ Kg8 29. Bc3 Rd8 30. Bf6 d2 31. Rd1 Rxd5 32. g3 Rc5 33. Bc3 Rd5
34. f4 Bg7 35. Rxd2 Rxd2 36. Bxd2 Bxb2 37. Kf2 f5 38. Ke3 Kf7 39. g4 Ke6 40.
Ba5 Kd5 41. Kd3 Bc1 42. gxf5 gxf5 43. Bc7 b5 44. Be5 a5 45. Bc3 b4 46. Be5 a4
47. Kc2 Be3 48. Kd3 Bc5 49. Bb2 Bd6 50. Bc1 a3 51. Bd2 b3 52. axb3 a2 53. Bc3
Bxf4 0-1

[Event "HEM 2006 B"]
[Site "Marburg"]
[Date "2006.04.13"]
[Round "3.15"]
[White "Freund, Klaus"]
[Black "Klettke, Wolfgang"]
[Result "0-1"]
[WhiteElo "1756"]
[BlackElo "2104"]
[PlyCount "51"]
[EventDate "2006.04.12"]
[EventType "swiss"]
[EventCountry "GER"]

1. c4 e5 2. Nc3 Nf6 3. g3 Be7 4. Bg2 O-O 5. Nf3 Nc6 6. O-O d6 7. d4 exd4 8.
Nxd4 Bd7 9. Nxc6 Bxc6 10. Bxc6 bxc6 11. b3 Qd7 12. e4 Qh3 13. f3 Nh5 14. Ne2 f5
15. exf5 Qxf5 16. Bb2 Bf6 17. Bxf6 Nxf6 18. Kg2 d5 19. Rc1 Rad8 20. Qd4 Rfe8
21. Rf2 dxc4 22. Qxc4+ Kh8 23. Nd4 Qg6 24. Nxc6 Nd5 25. Re2 Rxe2+ 26. Qxe2 0-1

[Event "HEM 2006 B"]
[Site "Marburg"]
[Date "2006.04.13"]
[Round "3.16"]
[White "Diez, Gerhard"]
[Black "Fay, Roland"]
[Result "1-0"]
[WhiteElo "2014"]
[BlackElo "1739"]
[PlyCount "111"]
[EventDate "2006.04.12"]
[EventType "swiss"]
[EventCountry "GER"]

1. e4 d5 2. exd5 Qxd5 3. Nc3 Qa5 4. d4 c6 5. Nf3 Nf6 6. Bd2 Qc7 7. Bc4 Bg4 8.
h3 Bh5 9. Qe2 e6 10. g4 Bg6 11. O-O-O Nbd7 12. Ne5 O-O-O 13. h4 h5 14. Nxg6
fxg6 15. g5 Nd5 16. Qxe6 Nf4 17. Qf7 Bd6 18. Rhe1 Nb6 19. Ne4 Rhf8 20. Qxc7+
Bxc7 21. Bf1 Rxd4 22. Bc3 Rxd1+ 23. Rxd1 Re8 24. Nd6+ Bxd6 25. Rxd6 Nbd5 26.
Bd2 Kc7 27. Bxf4 Nxf4 28. Rd4 Ne2+ 29. Bxe2 Rxe2 30. Rf4 Re7 31. Kd2 Kd6 32.
Kd3 Kd7 33. c4 Kd6 34. Rd4+ Kc7 35. c5 Re1 36. Re4 Rd1+ 37. Ke3 Rh1 38. Re7+
Kc8 39. Rxg7 Rxh4 40. Rxg6 Rc4 41. Rh6 Rxc5 42. f4 Kd8 43. Rh7 Rb5 44. b3 Ke8
45. Ke4 Kf8 46. Rxh5 Kg7 47. f5 Rb4+ 48. Ke5 Rg4 49. Ke6 Re4+ 50. Kd6 Rd4+ 51.
Kc7 Rd5 52. g6 Kf6 53. Kxb7 Ra5 54. a4 c5 55. Rh7 c4 56. Rf7+ 1-0

[Event "HEM 2006 B"]
[Site "Marburg"]
[Date "2006.04.13"]
[Round "3.17"]
[White "Ewin, Hans-Peter"]
[Black "Bauch, Frank"]
[Result "0-1"]
[WhiteElo "1976"]
[BlackElo "1682"]
[PlyCount "56"]
[EventDate "2006.04.12"]
[EventType "swiss"]
[EventCountry "GER"]

1. e4 c6 2. d4 d5 3. f3 Nf6 4. e5 Nfd7 5. e6 fxe6 6. f4 g6 7. Nf3 Bg7 8. Bd3 c5
9. c3 Nc6 10. Be3 Qb6 11. Qd2 cxd4 12. cxd4 Nf6 13. Ne5 O-O 14. Nc3 Nxe5 15.
fxe5 Ng4 16. O-O-O Bxe5 17. Rdf1 Bd7 18. Rf3 Rxf3 19. gxf3 Nxe3 20. dxe5 d4 21.
Ne4 Qc7+ 22. Kb1 Qxe5 23. h4 Rf8 24. Ng5 Qf6 25. Rg1 e5 26. h5 Bf5 27. hxg6
hxg6 28. Nh7 Kxh7 0-1